University Home | Library Home | Institutional Repository

The best of newspaper design 24: (Record no. 112924)

MARC details
000 -LEADER
fixed length control field 00509cam a2200145 4500
008 - FIXED-LENGTH DATA ELEMENTS--GENERAL INFORMATION
fixed length control field 090324n 000 0 eng u
020 ## - INTERNATIONAL STANDARD BOOK NUMBER
International Standard Book Number 1564969789
035 ## - SYSTEM CONTROL NUMBER
System control number (Sirsi) a164537
050 ## - LIBRARY OF CONGRESS CALL NUMBER
Classification number PN 4783 BES 2003
110 ## - MAIN ENTRY--CORPORATE NAME
Corporate name or jurisdiction name as entry element Society for News Design
245 ## - TITLE STATEMENT
Title The best of newspaper design 24:
Remainder of title the 2002 society for news design annual competition/
Statement of responsibility, etc. Society for News Design Annual Competion
260 ## - PUBLICATION, DISTRIBUTION, ETC.
Place of publication, distribution, etc. North Kingstone:
Name of publisher, distributor, etc. Society for News Design,
Date of publication, distribution, etc. 2003.
300 ## - PHYSICAL DESCRIPTION
Extent 272p.
650 ## - SUBJECT ADDED ENTRY--TOPICAL TERM
Topical term or geographic name entry element Newspaper style
Holdings
Withdrawn status Lost status Source of classification or shelving scheme Damaged status Not for loan Home library Current library Shelving location Cost, normal purchase price Total Checkouts Full call number Barcode Date last seen Copy number Price effective from Koha item type
    Library of Congress Classification     Main Library Main Library On Shelf 0.00   PN 4783 BES 2003 33729005855197 08/19/2019 1 08/19/2019 Book
© 2026 - The University of Zambia Library - Koha v25.11